000 01329na a2200385 4500
999 _c6499
_d6499
001 19900
003 MIRAKIL
005 20210323173705.0
008 161228b tu 000 0
035 _a19900
040 _aMilas
_btur
_cTR-AnCHP
041 _atur
_aara
082 _aCHP 324.2372
_bC36t 1953
090 _aBROŞÜR 365
110 _aCumhuriyet Halk Partisi (CHP)
222 _aTüzükler
245 _aC.H.P. tüzüğü
_b[1953]
_b(IX. Kurultayca onanmış ve X uncu Kurultay kararıyla bazı maddeleri değiştirilmiştir.)
_cCHP
246 _aCHP tüzüğü
246 _aCHP 1953 tüzüğü
246 _aCumhuriyet Halk Partisi tüzüğü
260 _aAnkara
_b[CHP]
_c1953
_fUlus Basımevi
300 _a31 s.
_c20 sm.
440 _aCumhuriyet Halk Partisi yayınları
_pTüzükler
500 _aFotokopidir. Kütüphaneciden çevrimdışı versiyonu sağlanabilir.
610 _aCumhuriyet Halk Partisi (CHP)
_xTüzükler, 1953
610 _aCumhuriyet Halk Partisi (CHP)
_xKurultaylar, 1953
651 _aTürkiye
_xSiyaset ve yönetim
_y1953-1955
740 _aIX. Kurultayca onanmış ve X. Kurultay kararıyla bazı maddeleri değiştirilmiştir
830 _aCHP tüzükleri
942 _2ddc
_cBKS
999 _d6499
999 _d6499
999 _d6499